000 00868nam a2200241 a 4500
001 000027417
005 20240412074253.0
008 110331s1957 dr a 001 p spa d
040 _aDO-SdBNP
_bspa
_cBNPHU
082 _aRD861.44
_bV443s
100 1 _aVeloz Maggiolo, Marcio,
_d1936-2021
_91104
245 1 3 _aEl sol y las cosas /
_cMarcio Veloz Maggiolo ; prólogo de Antonio Fernández Spencer.
260 _aCiudad Trujillo, República Dominicana :
_bArquero,
_c1957.
300 _a82 p. :
_bil. ;
_c23 cm.
490 1 _aArquero: verso y prosa
_v1
500 _aIncluye notas al pie de las páginas.
650 0 _aPoesía dominicana
_966
650 0 _aLiteratura dominicana.
_967
700 1 _aFernández Spencer, Antonio,
_d1922-1995
_epról.
_922525
830 0 _aArquero: verso y prosa
_n1
_954487
910 _aValidado. Control de calidad EMS
049 _aBNPD
999 _c26909
_d26909